00858nam a2200253 a 450000500170000000800410001702000150005804000270007304100080010004400070010808200170011510000330013224500650016524601220023025000170035226000260036930000410039549000200043665000390045665000100049565000350050570000240054070000400056420191224041522.0140220b1992 ck ||||| |||| 00| 0 spa d a958920600X aCO-BoIAVH cCO-BoIAVH  aspa ack14a571.32bJ61i1 aJiménez Bulla, Luis Carlos13aEl Inchi :bCaryodendron orinocense Karsten (Euphorbiaceae). aEl Inchi :bCaryodendron orinocense Karsten (Euphorbiaceae). la oleaginosa más promisoria de la subregión andina a2 edición. aBogot:bSECAB,c1992. a429 páginas.bilustaciones a color aMonografíav114aPlantas útileszAndes (Región)14aInchi14acarydendron orinocence Karsten1 aBernal, Henry Yesid1 aSandoval, Julio Césareilustrador